Llibre blanc del transport escolar : documents de consulta documents de consulta
Publicado:
Barcelona :
Generalitat de Catalunya, Departament de Política Territorial i Obres Públiques [i] Departament d'Ensenyament ,
1981
Descripción Física:
133 p. ; 30 cm
Materias:
Transport escolar
MARC
| LEADER | 00000nam a2200000Ia 4500 | ||
|---|---|---|---|
| 001 | 1159 | ||
| 008 | 160829s1981 xx 000 0 cat d | ||
| 080 | |a C-1-564 | ||
| 245 | |a Llibre blanc del transport escolar : |b documents de consulta | ||
| 260 | |a Barcelona : |b Generalitat de Catalunya, Departament de Política Territorial i Obres Públiques [i] Departament d'Ensenyament, |c 1981 | ||
| 300 | |a 133 p. ; |c 30 cm | ||
| 650 | |a Transport escolar |9 37151 | ||
| 710 | |a Catalunya. |b Departament d'Ensenyament |9 52899 | ||
| 710 | |a Catalunya. |b Departament de Política Territorial i Obres Públiques |9 53042 | ||
| 901 | |a Arxiu | ||
| 942 | |n 1 | ||
| 952 | |0 0 |1 0 |4 0 |6 C1564 |7 1 |9 47717 |a Arxiu |b Arxiu |d 2016-12-01 |l 0 |o C-1-564 |p 1159 |r 2016-12-01 00:00:00 |w 2016-12-01 |y ARXIU | ||
| 999 | |c 51516 |d 51516 | ||